Joueurs français passés par l'AS Roma - Statistiques

Statistiques générales
  • Ce quiz a été pris 57 fois
  • Le résultat moyen est 6 sur 21
Statistiques - réponses
Années Matchs Nom % Correct
2024- 45 Manu Koné
65%
2004-2011 267 Philippe Mexès
65%
1997-2005 289 Vincent Candela
55%
2008-2011 114 Jérémy Ménez
49%
2019-2022 131 Jordan Veretout
49%
2015-2016 42 Lucas Digne
49%
2018-2021 39 Steven Nzonzi
40%
2017-2020 23 Maxime Gonalons
31%
2003-2006 122 Olivier Dacourt
29%
2007-2008 48 Ludovic Giuly
27%
2017 6 Clément Grenier
24%
2024-2025 10 Enzo Le Fée
22%
2014-2015 38 Mapou Yanga-Mbiwa
22%
2000-2004 126 Jonathan Zebina
13%
2015-2017 21 William Vainqueur
11%
2020-2023 0 William Bianda
9%
2025- 6 Lucas Gourna-Douath
7%
2017-2020 20 Grégoire Defrel
5%
2023-2024 0 Brian Silva
0%
2020-2024 0 Corentin Louakima
0%
2013-2015 0 Wesley Yamnaine
0%
Aucun quiz correspondant
Distribution des résultats
% des personnes avec chaque résultat
Percentile par nombre de réponses
Votre historique - résultats
Vous n’avez pas pris ce quiz